Fluid Mechanics and Machinery (Record no. 11537)

MARC details
000 -LEADER
fixed length control field 00568nam a2200205 a 4500
020 ## - INTERNATIONAL STANDARD BOOK NUMBER
ISBN 8122419755 (paperback)
020 ## - INTERNATIONAL STANDARD BOOK NUMBER
ISBN 9788122419757 (paperback)
082 ## - DEWEY DECIMAL CLASSIFICATION NUMBER
Classification number 620.106076KOT
100 1# - MAIN ENTRY--AUTHOR NAME
Personal name Kothandaraman, C P.
245 10 - TITLE STATEMENT
Title Fluid Mechanics and Machinery
250 ## - EDITION STATEMENT
Edition statement 2nd ed.
260 ## - PUBLICATION, DISTRIBUTION, ETC. (IMPRINT)
Place of publication New Delhi :
Name of publisher New Age International ,
Year of publication 2007.
300 ## - PHYSICAL DESCRIPTION
Number of Pages xvii, 596 p. ;
500 ## - GENERAL NOTE
General note Index.
650 ## - SUBJECT ADDED ENTRY--TOPICAL TERM
Topical Term Fluid Mechanics
650 ## - SUBJECT ADDED ENTRY--TOPICAL TERM
Topical Term Hydraulic machinery
700 1# - ADDED ENTRY--PERSONAL NAME
Personal name Rudramoorthy, R.
856 40 - ELECTRONIC LOCATION AND ACCESS
Uniform Resource Identifier http://10.10.170.122:8080/browse/book/1422
942 ## - ADDED ENTRY ELEMENTS (KOHA)
Koha item type Books
Holdings
Withdrawn status Lost status Collection code Home library Current library Date acquired Cost, normal purchase price Full call number Accession Number Koha item type
    Reference Reference Section Reference Section 19/11/2014 1185.00 620.106KOT (Shelf - 39E) 35872 Books
    Reference Reference Section Reference Section 19/11/2014 1185.00 620.106KOT (Shelf - 39E) 35873 Books